header

Trace analysis of specialty and electronic gases (Record no. 113934)

MARC details
000 -LEADER
fixed length control field 01306nam a2200337 a 4500
082 04 - DEWEY DECIMAL CLASSIFICATION NUMBER
Classification number 543
245 00 - TITLE STATEMENT
Title Trace analysis of specialty and electronic gases
260 ## - PUBLICATION, DISTRIBUTION, ETC. (IMPRINT)
Place of publication Hoboken, N.J. :
Name of publisher John Wiley & Sons, Inc.,
Year of publication 2013.
300 ## - PHYSICAL DESCRIPTION
Number of Pages xxxv, 349 p. :
Other physical details ill.
650 #0 - SUBJECT ADDED ENTRY--TOPICAL TERM
Topical Term Gases
Topical Term Trace elements
Topical Term Gases
700 1# - ADDED ENTRY--PERSONAL NAME
Personal name Geiger, William M.,
Personal name Raynor, Mark W.,
856 40 - ELECTRONIC LOCATION AND ACCESS
Uniform Resource Identifier http://site.ebrary.com/lib/rucke/Doc?id=10748717

No items available.

© 2026 Rongo University
Contact us: librarian | system librarian | Rongo university